Частинка історії (Запис № 434474)

МАРК-запис
000 -Лідер
fixed length control field 01386nam a22002537a 4500
003 - Ідентифікатор контрольного номера
control field UA-OsUOA
005 - Дата та час останнього входження (трансакції)
control field 20200311113632.0
008 - Елементи даних фіксованої довжини – загальна інформація
fixed length control field 20170905b un ||||| |||| 00| 0 ukr d
020 ## - Міжнародний стандартний книжковий номер (ISBN)
Міжнародний стандартний книжковий номер (ISBN) (НП) 9786177328307
040 ## - Джерело каталогізації
Агенція оригінальної каталогізації UA-OsUOA
Мова каталогізації ukr
Агенція, яка здійснювала перезапис UA-OsUOA
Агенція, яка здійснювала модифікацію UA-OsUOA
041 ## - Код мови
Код мови тексту/ звукової доріжки чи окремого заголовка (П) ukr
080 ## - Індекс Універсальної десяткової класифікації
Індекс Універсальної десяткової класифікації (УДК) (НП) 908(477/43+477.81)
090 ## - Локальний шифр розміщення
Класифікаційний індекс УДК 908(477/43+477.81)
Авторський знак (НП) В54
100 ## - Основне введення – ім’я особи
Ім’я особи (НП) Вихованець Т.
245 ## - Відомості про назву
Назва (НП) Частинка історії
Решта назви (НП) історико-краєзнавчі нариси
Дані про відповідальність (НП) Тарас Вихованець
260 ## - Публікація, розповсюдження і т.п. (Вихідні дані)
Місце публікації, розповсюдження і т.п. (П) Нетішин
Дата публікації, розповсюдження і т.п. (П) 2016
300 ## - Фізичний опис
Обсяг 216 с.
Супроводжувальний матеріал іл.
520 ## - Резюме і т.п.
Резюме, реферат, анотація, тощо (НП) У книзі вміщено нариси з історії Нетішина, а також низки населених пунктів Славутського та Ізяславського районів Хмельницької та Острозького району Рівненської областей. Видання розраховане на краєнознавців, а також усіх, хто цікавиться локальною історією півночі Хмельниччини та південної частини Рівненщини.
650 #7 - Додаткове предметне введення – тематичний термін
Тематичний термін чи географічна назва, як елемент введення (НП) 908 Краєзнавство
942 ## - Додаткові елементи входу (Коха)
Тип елемента Koha Книги
Source of classification or shelving scheme Universal Decimal Classification
955 ## - Код типу видання за змістом
Код типу видання за змістом (НП) Науково-популярні видання
Фонди
Стан вилучень Стан втрат Джерело класифікації або схеми стелажів Стан уражень Не для кредиту Постійне місце розташування Поточне розміщення Дата придбання Джерело придбання Вартість, звичайна ціна покупки Інвентарний номер Усього замовленно Повний номер виклику Штрих-код Дата останнього перегляду Ціна ефективна від Тип елемента Koha Вартість, ціна заміни Примітка, призначена для загального доступу
    Universal Decimal Classification     Наукова бібліотека ІДУД Наукова бібліотека ІДУД 05/09/2017 310/2014 1.00 2139311   908 В54 2139311 15/09/2019 05/09/2017 Книги    
    Universal Decimal Classification     ЧЗ - Читальна зала ЧЗ - Читальна зала 11/03/2020 № 6/24.02.2020 45.00     908(477/43+477.81) В54 162401 07/02/2022 11/03/2020 Книги 45.00 Подарував Вихованець Т. з автографом